000 00465pab a2200181 454500
008 180718b2011 xxu||||| |||| 00| 0 eng d
100 _aJensen, Nathan M.
245 _aPolitical risk, reputation, and the resource curse
260 _c2011
300 _ap.662-688.
362 _aJun
650 _aForeign investment
650 _aNatural resources
700 _aJohnston, Noel P.
773 _aComparative Political Studies
908 _aN
909 _a92859
999 _c92859
_d92859